[Event "RUS-ch 68th"]
[Site "Chita"]
[Date "2015.08.18"]
[Round "9"]
[White "Vitiugov, Nikita"]
[Black "Dubov, Daniil"]
[Result "1/2-1/2"]
[WhiteElo "2719"]
[BlackElo "2654"]
[Annotator "Sagar Shah"]
[PlyCount "65"]
[EventDate "2015.08.09"]
[EventType "tourn"]
[EventRounds "11"]
[EventCountry "RUS"]
[EventCategory "18"]
[SourceTitle "CBM 168"]
[Source "ChessBase"]
[SourceDate "2015.09.14"]
[SourceVersion "1"]
[SourceVersionDate "2015.09.14"]
[SourceQuality "1"]

1. d4 d5 2. c4 c6 3. Nf3 Nf6 4. Nc3 dxc4 5. a4 Bf5 6. Ne5 Nbd7 7. Nxc4 Nb6 8.
Ne5 a5 9. g3 Nfd7 10. Nxd7 Nxd7 11. e4 Bg6 12. f4 e6 13. Bg2 Bb4 14. O-O f6 15.
Be3 O-O 16. Na2 Be7 17. Qb3 Bf7 18. Qxb7 c5 19. e5 Rb8 20. Qa7 cxd4 21. Bxd4
fxe5 22. fxe5 {Diagram [#] The last few moves of the game between Vitiugov and
Dubov had some nice tactical shots! Have a look at them.} Rxb2 $1 {A simple
deflection. Bxb2 is met with Bc5+. But this is just the start!} 23. Rfd1 Rxg2+
$1 {A nice little exchange sacrifice. The f7 bishop will get into action now.}
24. Kxg2 Bh5 25. Be3 Bxd1 26. Rxd1 Qc8 27. Qxd7 Qc2+ 28. Kg1 Bg5 $1 {Another
deflection!} 29. Bxg5 (29. Ba7 Qxa2 $11) 29... Qf2+ 30. Kh1 Qf3+ 31. Kg1 Qf2+
32. Kh1 Qf3+ 33. Kg1 {It was hard to imagine that in ten moves from the
diagrammed position we could reach a three fold repetition after two piece
sacrifices! Nice play by Dubov.} 1/2-1/2

[Event "Presidents Cup "]
[Site "Elista"]
[Date "1998.05.10"]
[Round "2.1"]
[White "Sakaev, Konstantin"]
[Black "Bologan, Viktor"]
[Result "1-0"]
[WhiteElo "2620"]
[BlackElo "2580"]
[Annotator "Sakaev,K"]
[PlyCount "105"]
[EventDate "1998.05.07"]
[EventType "k.o."]
[EventRounds "6"]
[EventCountry "RUS"]
[SourceTitle "CBM 065"]
[Source "ChessBase"]
[SourceDate "1998.08.06"]
[SourceVersion "1"]
[SourceVersionDate "1998.08.06"]
[SourceQuality "1"]

1. d4 d5 2. Nf3 Nf6 3. c4 c6 4. Nc3 dxc4 5. a4 Bf5 6. Ne5 Nbd7 7. Nxc4 Qc7 8.
g3 e5 9. dxe5 Nxe5 10. Bf4 Nfd7 11. Bg2 f6 12. O-O Be6 13. Nxe5 fxe5 14. Be3
Bc5 15. Qc1 (15. Ne4 Bxe3 16. fxe3 O-O-O $1 $13) 15... Bxe3 16. Qxe3 a5 $146
17. Ne4 O-O (17... h6 18. Nc5 (18. Rad1 O-O 19. Nd6 $14) 18... Nxc5 19. Qxc5
Kf7 20. f4 $16) 18. Ng5 Qd6 (18... Bf7 19. Bh3 $1 Rae8 (19... Nf6 20. Be6 $18)
20. Nxh7 $1 Kxh7 21. Qd3+ e4 22. Qxd7 Qxd7 23. Bxd7 $16) (18... Rae8 $2 19.
Nxe6 Rxe6 20. Qb3 Nc5 21. Qc4 b6 22. Bh3 $18) 19. Qa3 $1 $14 Qxa3 20. Rxa3 Bg4
$6 (20... Rae8 21. Ne4 Re7 $14) 21. Re3 $1 $16 Rfe8 (21... Rae8 22. Ne4 Re7 23.
Nd6 Nf6 24. Nc4 $16) 22. Ne4 Re7 23. Nd6 Nf6 24. f4 $6 (24. h3 $1 Bh5 25. f4
$16) 24... e4 25. h3 Be6 $1 (25... Nd5 26. Rxe4 Rxe4 27. Nxe4 (27. Bxe4 $16)
27... Bxe2 28. Re1 $16) 26. g4 (26. Nxe4 Nd5 $11) 26... Bd5 27. g5 Nh5 28. Bxe4
Bxe4 29. Rxe4 Rxe4 30. Nxe4 Re8 31. Nc3 Ng3 32. Re1 Nh5 $1 33. Rf1 Ng3 34. Rf2
Ne4 $1 $14 35. Nxe4 Rxe4 36. Kg2 Re3 $1 (36... Rxa4 37. Kf3 $16) 37. f5 b5 38.
h4 b4 $1 39. Kf1 Re4 $1 40. h5 c5 41. f6 Re5 $1 42. h6 g6 $4 (42... gxh6 43.
gxh6 Kf7 $11) 43. Rg2 $18 c4 44. Ke1 Rd5 45. e4 Re5 46. Rg4 Kf7 47. Kd2 Rc5 48.
Rg1 c3+ 49. bxc3 bxc3+ 50. Kc2 Ke6 51. Rg3 Kf7 52. Rxc3 Rxg5 53. Rc6 1-0

[Event "Asia Chess Cup (Women)"]
[Site "Abu Dhabi"]
[Date "2016.04.02"]
[Round "6.1"]
[White "Ju, Wenjun"]
[Black "Muminova, Nafisa"]
[Result "0-1"]
[WhiteElo "2568"]
[BlackElo "2318"]
[Annotator "Schulz,Andre"]
[PlyCount "70"]
[EventDate "2016.03.28"]
[EventType "team-swiss"]
[EventRounds "9"]
[EventCountry "UAE"]
[SourceTitle "CBM 171 Extra"]
[Source "ChessBase"]
[SourceDate "2016.04.26"]
[SourceVersion "1"]
[SourceVersionDate "2016.04.26"]
[SourceQuality "1"]
[WhiteTeam "China (W)"]
[BlackTeam "Uzbekistan (W)"]
[WhiteTeamCountry "CHN"]
[BlackTeamCountry "UZB"]

1. c4 c6 2. Nf3 d5 3. d4 Nf6 4. Nc3 dxc4 5. a4 Bf5 6. Ne5 Nbd7 7. Nxc4 Qc7 8.
g3 e5 9. dxe5 Nxe5 10. Bf4 Nfd7 11. Bg2 f6 12. O-O Nc5 13. e4 (13. Ne3 Bg6 14.
b4 Ne6 15. b5 Rd8 16. Qb3 Nxf4 17. gxf4 Bf7 18. Qc2 Nd7 19. bxc6 bxc6 20. Qe4+
Be7 21. Nf5 Nc5 22. Qxc6+ Qxc6 23. Bxc6+ Kf8 24. Rad1 Rc8 25. Bd5 Bg6 26. Nxe7
Kxe7 27. Nb5 Bc2 28. Nxa7 Bxd1 29. Nxc8+ Rxc8 30. Rxd1 Nxa4 31. Bf3 {1/2-1/2 
(31) Grischuk,A (2752)-Rublevsky,S (2686) Apatity 2011}) 13... Bg6 14. Bxe5
fxe5 15. f4 Rd8 16. Qe2 exf4 17. gxf4 Be7 (17... Nb3 18. Rad1 Bc5+ 19. Kh1 Nd4
20. Qe3 Bf7 21. Ne5 Bb3 22. Rc1 b6 23. Ne2 Bxa4 24. b4 Bb5 25. bxc5 Nxe2 26.
cxb6 axb6 27. Rxc6 Bxc6 28. Qxe2 Ba4 29. Qh5+ Kf8 30. Qf5+ Kg8 31. Qe6+ Kf8 32.
Qf5+ Kg8 33. Qe6+ Kf8 34. Qf5+ {1/2-1/2 (34) Cordova,E (2429)-Fressinet,L 
(2633) Philadelphia 2006}) 18. Ne5 Ne6 $15 {[#] Der Computer bewertet diese
Position als eher günstig für Schwarz. Verblüffenderweise steht der weiße
König bald genauso unsicher wie der schwarze.} 19. Nxg6 hxg6 20. Qg4 Kf7 21.
e5 Rh4 22. Qg3 Rdh8 23. h3 Kg8 24. Ne4 Qb6+ 25. Kh1 Qxb2 $6 (25... Qb4 $15 {
mit der Idee} 26. Z0 g5) 26. Rab1 Qe2 {[#]} 27. Qb3 (27. Rfe1 Qc4 (27... Qg4
28. Qxg4 Rxg4 29. Rxb7 $14) 28. Rxb7 Nxf4 29. Rb8+ Kh7 30. Nf6+ $13) 27... Qg4
{[#]} 28. Nf2 $2 {Die krtitische Stelle.} (28. Rf3 $11 Z0 {mit der Drohung} 29.
f5) 28... Qf5 29. Qxb7 $2 {Die Deckung von h3 durfte Weiß nicht aufgeben.} (
29. Rbe1 Bc5 30. Kh2 Qxf4+ $19) 29... Rxh3+ 30. Kg1 (30. Nxh3 Rxh3+ 31. Bxh3
Qxh3+ 32. Kg1 Bc5+ $19) 30... Nxf4 31. Rb2 Bc5 32. Qxc6 {[#] Für die
Kombiecke: Matt in 5} Rh1+ 33. Bxh1 Qg4+ 34. Bg2 Nh3+ 35. Kh2 Nxf2+ (35...
Nxf2+ 36. Kg1 Rh1#) 0-1

[Event "Olympiad-31"]
[Site "Moscow"]
[Date "1994.12.05"]
[Round "5.2"]
[White "Ehlvest, Jaan"]
[Black "Kakageldyev, Amanmurad"]
[Result "1-0"]
[WhiteElo "2600"]
[BlackElo "2450"]
[Annotator "Shipov,S"]
[PlyCount "73"]
[EventDate "1994.12.01"]
[EventType "team-swiss"]
[EventRounds "14"]
[EventCountry "RUS"]
[SourceTitle "CBM 045"]
[Source "ChessBase"]
[SourceDate "1995.04.01"]
[SourceVersion "1"]
[SourceVersionDate "1995.04.01"]
[SourceQuality "1"]
[WhiteTeam "Estonia"]
[BlackTeam "Turkmenistan"]
[WhiteTeamCountry "EST"]
[BlackTeamCountry "TKM"]

1. d4 d5 2. c4 c6 3. Nf3 Nf6 4. Nc3 dxc4 5. a4 Bf5 6. Ne5 e6 7. g3 (7. f3) 7...
Bb4 8. Bg2 Be4 (8... Ne4 9. O-O (9. Bxe4 $5 Bxe4 10. O-O Bf5 (10... Bg6 $5) 11.
e4 Bg6 12. Nxc4 O-O 13. f3 Na6 14. Be3 f6 15. Qe2 Re8 16. Rfd1 $14 {Illeskas
Corddoba,M-Gulko,B/Dos Hermanas/1994/}) 9... Nxc3 10. bxc3 Bxc3 11. Ba3 $1 a5 (
11... Qxd4 $6 12. Nxc4 Qxc4 13. Qd6 Bf6 14. Rfd1 $40 {Shvidler,E-Soffer,R/ISR/
1988/}) 12. Nxc4 Bb4 13. Bb2 O-O 14. e4 Bg6 15. h4 f6 16. h5 Bf7 17. h6 g6 18.
e5 $1 $44 {Gelfand,B-Chekhov,V/Halle/1987/}) (8... Nbd7 9. Nxc4 Be4 10. f3 Bg6
11. O-O $6 (11. e4 $32) 11... Nb6 12. Ne5 Bc2 $1 13. Qd2 $8 Bxa4 $15 {
Plachetka,J-Meduna,E/Gausdal/1989/}) 9. f3 Bg6 10. e4 O-O (10... c5 11. Be3
cxd4 12. Qxd4 Qxd4 13. Bxd4 Nc6 14. Nxc6 bxc6 15. Bf1 (15. O-O-O O-O-O 16. Bxa7
Nd7 17. Bd4 e5 18. Be3 Nc5 $10 {1989/Tukmakov,V-Hansen,L/}) 15... c5 16. Be3
Nd7 17. Bxc4 Ne5 18. Be2 $14 {Miladinovic,I-Todorovic,J/YUG/1989/}) 11. O-O c5
12. Na2 $1 Na6 {N/} (12... Ba5 13. Nxc4 (13. dxc5 Qc7 14. Qd6 Qxd6 15. cxd6
Bb6+ 16. Kh1 Rc8 $13) 13... cxd4 14. Nxa5 Qxa5 15. Qxd4 Nc6 16. Qc4 $16) 13.
Nxb4 Nxb4 (13... cxb4 $6 14. Nxc4 $16) 14. dxc5 Qc7 (14... Qxd1 15. Rxd1 Rfc8
16. Nxc4 Rxc5 17. b3 $1 $16) 15. Qd6 Rfc8 16. Qxc7 Rxc7 17. Bf4 (17. Be3 Nc2) (
17. Nxc4 $5 Rxc5 18. b3 $14) 17... Rxc5 (17... Rcc8 18. Rac1 $16) 18. Nxg6 hxg6
19. Bd6 Rac8 20. Bxc5 (20. Rfd1 $5) 20... Rxc5 $14 21. Rfd1 (21. f4 $6 Nd3 $132
) 21... Nc6 $1 (21... Nd3 22. b3) 22. Rac1 a6 23. Bf1 b5 24. Rc3 (24. b3 c3)
24... g5 $1 25. h3 (25. b3 g4 $1 $13) 25... Kf8 26. b3 Ke7 27. axb5 axb5 28.
Ra1 (28. bxc4 $32 b4 $14) 28... Nd7 29. bxc4 b4 30. Rcc1 $6 Nd4 31. Rcb1 Nxf3+
32. Kg2 Nd4 (32... Nd2 33. Rxb4 Nxe4 $10) 33. Ra7 b3 (33... e5 34. Rb7 $1 b3
35. Ra1 $36) 34. e5 $1 Rxe5 (34... Nc6 35. Rb7 Ncxe5 36. R1xb3 $10) 35. Rd1 b2
$1 (35... Re4 36. c5 Ke8 37. c6 Nb6 38. c7 $18) 36. Rb7 (36. Rxd7+ Kxd7 37.
Rxd4+ Rd5 $3 38. Rxd5+ exd5 39. Bd3 dxc4 40. Bb1 Kd6 41. Kf3 Ke5 42. Ke3 (42.
g4 g6) 42... f5 $1 $19) (36. Rxd4 b1=Q 37. Rdxd7+ Ke8 $1 38. Re7+ Kd8 39. Red7+
Kc8 40. Rdc7+ Kb8 $17) 36... Rc5 $4 (36... Re4 $1 37. c5 (37. Rxb2 $32 Nc5 $10)
37... Ke8 38. c6 $2 Nxc6 39. Bb5 Rd4 $1 40. Rxd7 b1=Q $1 $19) 37. Rxd4 $18 1-0

[Event "Bundesliga 9596"]
[Site "Germany"]
[Date "1995.??.??"]
[Round "?.1"]
[White "Shirov, Alexei"]
[Black "Hertneck, Gerald"]
[Result "1-0"]
[WhiteElo "2695"]
[BlackElo "2570"]
[Annotator "Shirov,A"]
[PlyCount "43"]
[EventDate "1995.10.14"]
[EventType "team-tourn"]
[EventRounds "15"]
[EventCountry "GER"]
[SourceTitle "GER-chT"]
[Source "ChessBase"]
[SourceDate "1999.07.01"]
[SourceVersion "1"]
[SourceVersionDate "1999.07.01"]
[SourceQuality "1"]
[WhiteTeam "Empor Berlin"]
[BlackTeam "Muenchen 36"]
[WhiteTeamCountry "GER"]
[BlackTeamCountry "GER"]

1. d4 d5 2. c4 c6 3. Nf3 Nf6 4. Nc3 dxc4 5. a4 Bf5 6. Ne5 Na6 7. e3 e6 8. Bxc4
Nb4 9. O-O Bd6 $6 $146 10. Qe2 Bc7 11. e4 Bg6 (11... Nxe4 12. Nxe4 Qxd4 13.
Nxf7 Kxf7 14. Ng5+ $18) 12. Rd1 Qe7 13. Bg5 h6 14. Nxg6 $5 (14. Bh4 Bh7 15. f4
O-O-O $14) 14... fxg6 15. Bxf6 Qxf6 (15... gxf6 $2 16. Qg4 Kf7 17. d5 exd5 18.
exd5 Kg7 19. dxc6 f5 20. Qe2 Nxc6 21. Qxe7+ Nxe7 22. Rd7 Bd8 23. Re1 Kf8 24.
Rxb7 $18) 16. Qg4 Rd8 17. d5 $2 (17. Ne2 $1 $16 e5 $140 18. Ra3) 17... e5 $4 (
17... Ke7 $13 18. dxe6 $140 Nc2) 18. dxc6 bxc6 19. Rxd8+ Kxd8 20. Rd1+ Bd6 21.
Nb5 cxb5 22. Bxb5 (22. Bxb5 Qe7 23. Qxg6 Kc7 24. Rxd6 Qxd6 25. Qxg7+ Kb6 26.
Qxh8 Qd1+ 27. Bf1 $18) 1-0

[Event "Jakarta m"]
[Site "Jakarta"]
[Date "1996.??.??"]
[Round "2"]
[White "Adianto, Utut"]
[Black "Short, Nigel D"]
[Result "0-1"]
[WhiteElo "2610"]
[BlackElo "2665"]
[Annotator "Short,N"]
[PlyCount "100"]
[EventDate "1996.??.??"]
[EventType "match"]
[EventRounds "6"]
[EventCountry "INA"]
[SourceTitle "CBM 051"]
[Source "ChessBase"]
[SourceDate "1996.04.01"]
[SourceVersion "1"]
[SourceVersionDate "1996.04.01"]
[SourceQuality "1"]

1. d4 d5 2. Nf3 Nf6 3. c4 c6 4. Nc3 dxc4 5. a4 Bf5 6. Ne5 Nbd7 7. Nxc4 Nb6 8.
Ne5 a5 9. f3 {Mor macho than Kramnik's modest 9.g3} Nfd7 10. Nxd7 (10. e4 Nxe5
11. dxe5 Nd7 $13) 10... Nxd7 (10... Bxd7 11. e4 e5 $5 12. Be3 $1 $16 (12. dxe5
Bc5 $44)) 11. e4 $14 Bg6 12. Be3 e6 13. Be2 (13. Bc4 $142) 13... Bb4 14. O-O
O-O 15. Qb3 Qc7 16. Rac1 Rfe8 17. Bc4 (17. d5 $2 Nc5 $17) 17... Rac8 18. Ne2
Bd6 19. g4 $2 (19. Kh1) (19. g3) 19... Bxh2+ 20. Kg2 Bd6 $17 21. e5 Bf8 22. Ng3
Qb6 (22... Nb6 $142) 23. f4 Qxb3 24. Bxb3 f6 25. Bd2 fxe5 26. dxe5 Nc5 27. Rxc5
$5 Bxc5 28. f5 Bf7 29. Ne4 b6 $1 30. Ng5 Rcd8 31. Bc3 Rd5 {I was not exactly
very proud of this move but I wanted to play safely. Now White's initiative
evaporates.} 32. Bxd5 cxd5 33. fxe6 (33. Nxe6 $142 $17) 33... Bg6 $1 $19 34.
Rd1 h6 35. Nf3 Be4 36. Kg3 Rxe6 37. Nh4 g6 38. Nf3 Re8 39. Nd4 Rf8 40. Rd2 $138
Rf1 41. Re2 Kf7 42. Nb3 Rf3+ 43. Kh2 Be3 44. Nd2 Bf4+ 45. Kg1 Rg3+ 46. Kf2 Bd3
47. e6+ Ke8 48. Re1 Rxg4 49. Kf3 h5 50. e7 d4 0-1